[Event "8. Open Internacional de Málaga"]
[Site "Campillos ESP"]
[Date "2005.02.20"]
[Round "3.1"]
[White "Matamoros Franco, Carlos S"]
[Black "Barrientos Chavarriaga, Sergio"]
[Result "1/2-1/2"]
[WhiteElo "2522"]
[BlackElo "2432"]
[PlyCount "55"]
[EventDate "2005.02.19"]
[EventType "swiss"]
[EventRounds "9"]
[EventCountry "ESP"]
[Source "lmi"]
[SourceDate "2005.02.26"]

1. c4 Nf6 2. g3 c5 3. Bg2 d5 4. cxd5 Nxd5 5. Nc3 Nc7 6. Qb3 Nc6 7. Bxc6+ bxc6
8. Qa4 Ne6 9. Nf3 Nd4 10. d3 g6 11. Be3 Bg7 12. Bxd4 cxd4 13. Ne4 O-O 14. O-O
Be6 15. Nc5 Bg4 16. Rac1 Qd5 17. Nb3 Bxf3 18. exf3 Qxf3 19. Rfe1 c5 20. Nxc5
Rfc8 21. Red1 Rab8 22. Nd7 Rxc1 23. Rxc1 Rd8 24. Nc5 Bh6 25. Re1 e6 26. Qxa7
Ra8 27. Qd7 Rxa2 28. Qxd4 1/2-1/2

[Event "8. Open Internacional de Málaga"]
[Site "Campillos ESP"]
[Date "2005.02.20"]
[Round "3.2"]
[White "Bellon Lopez, Juan Manuel"]
[Black "Galego, Luis"]
[Result "1/2-1/2"]
[WhiteElo "2428"]
[BlackElo "2496"]
[PlyCount "86"]
[EventDate "2005.02.19"]
[EventType "swiss"]
[EventRounds "9"]
[EventCountry "ESP"]
[Source "lmi"]
[SourceDate "2005.02.26"]

1. d4 d6 2. Nf3 Nf6 3. c4 c6 4. Nc3 Bg4 5. Ng5 h6 6. Nge4 Nxe4 7. Nxe4 d5 8.
cxd5 cxd5 9. h3 Bf5 10. Ng3 Bg6 11. e3 e6 12. Qb3 Qd7 13. Bd2 Nc6 14. Rc1 a6
15. Be2 Bd6 16. f4 O-O 17. O-O Rac8 18. Nh1 Ne7 19. g4 Rxc1 20. Rxc1 f6 21. Nf2
e5 22. Nd3 exd4 23. exd4 Be4 24. Nc5 Bxc5 25. Rxc5 f5 26. Qb6 Nc6 27. Rc3 Rf6
28. Rg3 Rg6 29. g5 hxg5 30. Bh5 Rh6 31. Rxg5 Kh7 32. Kh2 Qe7 33. a3 Re6 34. Qc5
Qxc5 35. dxc5 g6 36. Bd1 d4 37. h4 Ne7 38. h5 gxh5 39. Rxh5+ Kg7 40. Rg5+ Kf8
41. Kg3 Rh6 42. Rh5 Rg6+ 43. Rg5 Rh6 1/2-1/2

[Event "8. Open Internacional de Málaga"]
[Site "Campillos ESP"]
[Date "2005.02.20"]
[Round "3.3"]
[White "Perez, Rodney"]
[Black "Saldano, Horacio"]
[Result "1/2-1/2"]
[WhiteElo "2430"]
[BlackElo "2482"]
[PlyCount "47"]
[EventDate "2005.02.19"]
[EventType "swiss"]
[EventRounds "9"]
[EventCountry "ESP"]
[Source "lmi"]
[SourceDate "2005.02.26"]

1. e4 c5 2. Nf3 e6 3. d4 cxd4 4. Nxd4 a6 5. Nc3 Qc7 6. Be2 Nf6 7. O-O Be7 8. f4
d6 9. Be3 O-O 10. Qe1 b5 11. Bf3 Bb7 12. e5 dxe5 13. fxe5 Nfd7 14. Qg3 Bxf3 15.
Qxf3 Nb6 16. Rae1 N8d7 17. Qg3 Qxe5 18. Nc6 Qd6 19. Nxe7+ Qxe7 20. Bh6 f6 21.
Rxe6 Qf7 22. Rfe1 Qg6 23. Qxg6 hxg6 24. Be3 1/2-1/2

[Event "8. Open Internacional de Málaga"]
[Site "Campillos ESP"]
[Date "2005.02.20"]
[Round "3.4"]
[White "Colovic, Aleksandar"]
[Black "Rizouk, Aimen"]
[Result "1/2-1/2"]
[WhiteElo "2408"]
[BlackElo "2465"]
[PlyCount "94"]
[EventDate "2005.02.19"]
[EventType "swiss"]
[EventRounds "9"]
[EventCountry "ESP"]
[Source "lmi"]
[SourceDate "2005.02.26"]

1. e4 e5 2. Nf3 Nc6 3. Bb5 Nf6 4. d3 Bc5 5. Nc3 d6 6. Na4 Bb6 7. c3 O-O 8. h3
Ne7 9. Nxb6 axb6 10. Ba4 Ng6 11. Bc2 d5 12. O-O dxe4 13. dxe4 Qe7 14. Nh2 h6
15. Re1 Be6 16. Qe2 Nd7 17. a3 Nc5 18. Be3 Rfd8 19. Rad1 Qf6 20. Rxd8+ Qxd8 21.
Qh5 Bb3 22. Rd1 Qe8 23. Bxb3 Nxb3 24. Ng4 Qe6 25. Qf5 Re8 26. Qxe6 Rxe6 27. Rd7
h5 28. Nh2 Re7 29. Rd8+ Kh7 30. Nf3 f6 31. Rb8 c5 32. Rd8 b5 33. Nd2 Nxd2 34.
Rxd2 b6 35. Rd6 Rb7 36. b4 Nf4 37. Bxf4 exf4 38. Rd5 g5 39. bxc5 bxc5 40. Rxc5
Ra7 41. Rxb5 Rxa3 42. Rc5 Ra1+ 43. Kh2 Ra2 44. f3 Kg6 45. Rc8 Kg7 46. Rc7+ Kg6
47. Rc8 Kg7 1/2-1/2

[Event "8. Open Internacional de Málaga"]
[Site "Campillos ESP"]
[Date "2005.02.20"]
[Round "3.6"]
[White "Khamrakulov, Ibragim S"]
[Black "Llanes Hurtado, Miguel"]
[Result "1/2-1/2"]
[WhiteElo "2501"]
[BlackElo "2418"]
[PlyCount "28"]
[EventDate "2005.02.19"]
[EventType "swiss"]
[EventRounds "9"]
[EventCountry "ESP"]
[Source "lmi"]
[SourceDate "2005.02.26"]

1. e4 c5 2. c3 d5 3. exd5 Qxd5 4. d4 e6 5. Nf3 Nf6 6. Be3 cxd4 7. cxd4 Bb4+ 8.
Nbd2 O-O 9. a3 Bxd2+ 10. Qxd2 b6 11. Rc1 Ba6 12. Bxa6 Nxa6 13. O-O Rac8 14. Bf4
Qb7 1/2-1/2

[Event "8. Open Internacional de Málaga"]
[Site "Campillos ESP"]
[Date "2005.02.20"]
[Round "3.7"]
[White "Slaby, Jerzy"]
[Black "Suba, Mihai"]
[Result "1/2-1/2"]
[WhiteElo "2401"]
[BlackElo "2529"]
[PlyCount "104"]
[EventDate "2005.02.19"]
[EventType "swiss"]
[EventRounds "9"]
[EventCountry "ESP"]
[Source "lmi"]
[SourceDate "2005.02.26"]

1. e4 c5 2. Nf3 d6 3. d4 Nf6 4. Nc3 cxd4 5. Nxd4 e6 6. Be2 a6 7. O-O Qc7 8. f4
Be7 9. Kh1 O-O 10. a4 b6 11. Bf3 Bb7 12. e5 dxe5 13. fxe5 Nfd7 14. Bxb7 Qxb7
15. Bf4 Nc6 16. Qf3 Rfc8 17. Bg3 Nd8 18. Qh5 Nf8 19. Rad1 Rc4 20. Rd3 Rac8 21.
Nb3 Rb4 22. Rfd1 h6 23. Qe2 Qc6 24. Qe3 Nb7 25. Nd4 Qc7 26. b3 Nc5 27. R3d2 Bg5
28. Bf4 Bxf4 29. Qxf4 Nxb3 30. Nd5 exd5 31. cxb3 Ne6 32. Nxe6 Rxf4 33. Nxc7
Rxc7 34. Rxd5 Rc3 35. a5 Rxb3 36. axb6 Rxb6 37. Rd8+ Kh7 38. R8d6 Rfb4 39. h3
a5 40. R1d5 a4 41. Ra5 R6b5 42. Rxb5 Rxb5 43. Ra6 Rb4 44. e6 fxe6 45. Rxe6 a3
46. Ra6 Rb3 47. Kh2 g5 48. Ra5 Kg7 49. Ra7+ Kf8 50. Rh7 a2 51. Ra7 Rb2 52. Kg3
Ke8 1/2-1/2

[Event "8. Open Internacional de Málaga"]
[Site "Campillos ESP"]
[Date "2005.02.20"]
[Round "3.8"]
[White "Lopez Gonzalez, Daniel"]
[Black "Arizmendi Martinez, Julen"]
[Result "0-1"]
[WhiteElo "2128"]
[BlackElo "2509"]
[PlyCount "94"]
[EventDate "2005.02.19"]
[EventType "swiss"]
[EventRounds "9"]
[EventCountry "ESP"]
[Source "lmi"]
[SourceDate "2005.02.26"]

1. c4 e5 2. g3 Nf6 3. Bg2 d5 4. cxd5 Nxd5 5. Nc3 Nb6 6. Nf3 Nc6 7. d3 Be7 8.
O-O O-O 9. Be3 Re8 10. Rc1 Bf8 11. a3 Nd4 12. b4 c6 13. Ne4 a5 14. Bd2 axb4 15.
axb4 Nb5 16. Nc5 Nd5 17. e4 Ndc7 18. Be3 Bxc5 19. bxc5 Bg4 20. h3 Bxf3 21. Bxf3
Ra3 22. Be2 Nc3 23. Qd2 Nxe2+ 24. Qxe2 Qxd3 25. Qg4 h5 26. Qh4 Qe2 27. Rce1 Qf3
28. Bc1 Rb3 29. Re3 Rxe3 30. fxe3 Qe2 31. Rf2 Qc4 32. Bb2 Qxc5 33. Qxh5 g6 34.
Qf3 Qc4 35. Qf6 Qe6 36. Qf3 Re7 37. Kg2 Ne8 38. h4 f6 39. g4 Rh7 40. Kg3 b6 41.
Rd2 Rd7 42. Rf2 Rh7 43. Rd2 Rd7 44. Rf2 Nd6 45. Rh2 Qc4 46. h5 Nxe4+ 47. Kh4
Ng3 0-1

[Event "8. Open Internacional de Málaga"]
[Site "Campillos ESP"]
[Date "2005.02.20"]
[Round "3.9"]
[White "Komljenovic, Davor"]
[Black "Matnadze, Ana"]
[Result "1-0"]
[WhiteElo "2492"]
[BlackElo "2376"]
[PlyCount "97"]
[EventDate "2005.02.19"]
[EventType "swiss"]
[EventRounds "9"]
[EventCountry "ESP"]
[Source "lmi"]
[SourceDate "2005.02.26"]

1. d4 Nf6 2. c4 e6 3. Nf3 b6 4. g3 Bb7 5. Bg2 Be7 6. O-O O-O 7. Bg5 d6 8. Qc2
Be4 9. Qc1 Nbd7 10. Nc3 Bb7 11. Qc2 c5 12. d5 exd5 13. Nh4 g6 14. cxd5 Re8 15.
h3 b5 16. Nxb5 Qb6 17. Nc3 Rab8 18. Rad1 Ba6 19. Bc1 Ne5 20. Rfe1 Nh5 21. Nf3
Nc4 22. b3 Na5 23. Na4 Qd8 24. Bd2 Bf6 25. e4 Rc8 26. g4 Ng7 27. Bf4 Nb7 28. e5
dxe5 29. Nxe5 c4 30. Nc6 cxb3 31. axb3 Qd7 32. Be3 Bb5 33. Bxa7 Bxa4 34. bxa4
h5 35. Bf3 Nd6 36. Bc5 hxg4 37. hxg4 Bg5 38. a5 Nb7 39. Bb6 Nd6 40. a6 f5 41.
Bg2 Ne4 42. a7 Bf4 43. Qc4 Qd6 44. Bxe4 fxe4 45. Rxe4 g5 46. Ne7+ Kh7 47. Nxc8
Qd7 48. Rxf4 gxf4 49. Qd3+ 1-0

[Event "8. Open Internacional de Málaga"]
[Site "Campillos ESP"]
[Date "2005.02.20"]
[Round "3.10"]
[White "Cramling, Pia"]
[Black "Barria, Daniel"]
[Result "1/2-1/2"]
[WhiteElo "2481"]
[BlackElo "2349"]
[PlyCount "46"]
[EventDate "2005.02.19"]
[EventType "swiss"]
[EventRounds "9"]
[EventCountry "ESP"]
[Source "lmi"]
[SourceDate "2005.02.26"]

1. d4 d5 2. Nf3 c6 3. c4 Nf6 4. Nc3 e6 5. Bg5 Nbd7 6. e3 Qa5 7. Nd2 Bb4 8. Qc2
c5 9. Be2 cxd4 10. exd4 dxc4 11. Bxf6 Nxf6 12. Nxc4 Bxc3+ 13. bxc3 Qc7 14. Qa4+
Kf8 15. O-O b6 16. Bf3 Bb7 17. Bxb7 Qxb7 18. Ne3 g6 19. c4 Kg7 20. d5 exd5 21.
cxd5 Nxd5 22. Qe4 Rad8 23. Rad1 Rhe8 1/2-1/2

[Event "8. Open Internacional de Málaga"]
[Site "Campillos ESP"]
[Date "2005.02.20"]
[Round "3.11"]
[White "Tissir, Mohamed"]
[Black "Fenollar Jorda, Manuel"]
[Result "1-0"]
[WhiteElo "2394"]
[BlackElo "2226"]
[PlyCount "43"]
[EventDate "2005.02.19"]
[EventType "swiss"]
[EventRounds "9"]
[EventCountry "ESP"]
[Source "lmi"]
[SourceDate "2005.02.26"]

1. e4 e5 2. Nf3 Nc6 3. Bc4 Bc5 4. c3 Nf6 5. d3 d6 6. Nbd2 a6 7. Bb3 O-O 8. Nf1
d5 9. exd5 Nxd5 10. Ng3 Be7 11. O-O Re8 12. Re1 Bf6 13. h3 Be6 14. Ne4 Bf5 15.
g4 Bg6 16. h4 h6 17. g5 hxg5 18. hxg5 Be7 19. Nh4 Bxe4 20. dxe4 Nf4 21. Bxf4
exf4 22. Bxf7+ 1-0

[Event "8. Open Internacional de Málaga"]
[Site "Campillos ESP"]
[Date "2005.02.20"]
[Round "3.12"]
[White "Rubio Doblas, Ricardo"]
[Black "Alonso, Rene"]
[Result "0-1"]
[WhiteElo "2090"]
[BlackElo "2394"]
[PlyCount "96"]
[EventDate "2005.02.19"]
[EventType "swiss"]
[EventRounds "9"]
[EventCountry "ESP"]
[Source "lmi"]
[SourceDate "2005.02.26"]

1. e4 Nf6 2. e5 Nd5 3. d4 d6 4. Nf3 g6 5. Be2 Bg7 6. O-O O-O 7. c4 Nb6 8. Nc3
Nc6 9. exd6 cxd6 10. b3 Bg4 11. Be3 e6 12. Rc1 d5 13. c5 Nc8 14. h3 Bxf3 15.
Bxf3 N8e7 16. Ne2 Nf5 17. Qd2 Nh4 18. Bg4 h5 19. Bg5 Bf6 20. Bxh4 Bxh4 21. Bf3
Bg5 22. Qb2 Bxc1 23. Rxc1 a5 24. a3 Qf6 25. Rd1 b6 26. Rc1 Rfb8 27. cxb6 Rxb6
28. Qc3 Ne7 29. Rb1 a4 30. b4 Rc8 31. Qd2 Nf5 32. Qd1 Nh4 33. Qd3 Qf5 34. Qxf5
Nxf5 35. g4 hxg4 36. hxg4 Nh4 37. Bh1 Rc2 38. Nf4 Rd2 39. Rc1 Rxd4 40. Rc8+ Kg7
41. Ne2 Rxg4+ 42. Kf1 Nf5 43. Ra8 Nd4 44. Rxa4 Nxe2 45. Kxe2 Rc6 46. Ra7 Rc2+
47. Ke3 Rgc4 48. b5 Rb2 0-1

[Event "8. Open Internacional de Málaga"]
[Site "Campillos ESP"]
[Date "2005.02.20"]
[Round "3.13"]
[White "Carlsson, Pontus"]
[Black "Torres Tellez, Jonathan"]
[Result "1-0"]
[WhiteElo "2381"]
[BlackElo "2042"]
[PlyCount "33"]
[EventDate "2005.02.19"]
[EventType "swiss"]
[EventRounds "9"]
[EventCountry "ESP"]
[Source "lmi"]
[SourceDate "2005.02.26"]

1. e4 e5 2. Nf3 Nc6 3. Bb5 Nf6 4. O-O Be7 5. Re1 d6 6. c3 O-O 7. h3 Bd7 8. d4
Nxd4 9. Nxd4 exd4 10. Bxd7 Qxd7 11. Qxd4 Rfd8 12. c4 h6 13. Nc3 c6 14. Bf4 b6
15. Rad1 Rab8 16. e5 dxe5 17. Qxe5 1-0

[Event "8. Open Internacional de Málaga"]
[Site "Campillos ESP"]
[Date "2005.02.20"]
[Round "3.14"]
[White "Kovacevic, Slobodan"]
[Black "Guadamuro Torrente, Ana Isabel"]
[Result "1-0"]
[WhiteElo "2367"]
[BlackElo "2040"]
[PlyCount "72"]
[EventDate "2005.02.19"]
[EventType "swiss"]
[EventRounds "9"]
[EventCountry "ESP"]
[Source "lmi"]
[SourceDate "2005.02.26"]

1. d4 d5 2. Bf4 Nf6 3. e3 Bf5 4. c4 e6 5. Nc3 c6 6. Qb3 b6 7. Nf3 Nbd7 8. cxd5
exd5 9. Ba6 Nh5 10. Bb7 Nxf4 11. exf4 Rb8 12. Bxc6 Be7 13. O-O O-O 14. Ne5 Nf6
15. Nxd5 Bd6 16. Rfd1 Be6 17. g3 Kh8 18. Nxf6 Bxb3 19. axb3 Qxf6 20. Nd7 Qg6
21. Nxf8 Rxf8 22. Bg2 Qc2 23. Bd5 a5 24. Rac1 Qxb2 25. Rc6 Be7 26. Bc4 b5 27.
Bxb5 Qxb3 28. Be2 Qd5 29. Rc7 Bf6 30. Rc5 Qa2 31. Bf3 Qb3 32. Kg2 a4 33. Ra5 a3
34. Ra7 a2 35. Rd2 Qb6 36. Rdxa2 Bxd4 1-0

[Event "8. Open Internacional de Málaga"]
[Site "Campillos ESP"]
[Date "2005.02.20"]
[Round "3.15"]
[White "Garcia Molina, Francisco"]
[Black "Frois, Antonio"]
[Result "0-1"]
[WhiteElo "2023"]
[BlackElo "2320"]
[PlyCount "64"]
[EventDate "2005.02.19"]
[EventType "swiss"]
[EventRounds "9"]
[EventCountry "ESP"]
[Source "lmi"]
[SourceDate "2005.02.26"]

1. e4 c5 2. Nf3 g6 3. d4 cxd4 4. Nxd4 Nc6 5. Nc3 Bg7 6. Be3 Nf6 7. Bc4 O-O 8.
Bb3 d6 9. f3 Bd7 10. Qd2 Nxd4 11. Bxd4 b5 12. O-O-O a5 13. Nd5 Nxd5 14. Bxd5
Rc8 15. Bxg7 Kxg7 16. Kb1 e6 17. Bb3 a4 18. Qxd6 axb3 19. axb3 Qc7 20. Qxc7
Rxc7 21. Rd6 Kf6 22. Rhd1 Ke7 23. c3 Bc6 24. b4 Ra8 25. Kc2 f6 26. h4 h6 27. g4
h5 28. gxh5 gxh5 29. R6d2 Rg8 30. Rf1 Rg3 31. Rdd1 f5 32. e5 Bxf3 0-1

[Event "8. Open Internacional de Málaga"]
[Site "Campillos ESP"]
[Date "2005.02.21"]
[Round "4.1"]
[White "Baron Rodriguez, Jesus"]
[Black "Matamoros Franco, Carlos S"]
[Result "0-1"]
[WhiteElo "2422"]
[BlackElo "2522"]
[PlyCount "74"]
[EventDate "2005.02.19"]
[EventType "swiss"]
[EventRounds "9"]
[EventCountry "ESP"]
[Source "lmi"]
[SourceDate "2005.02.26"]

1. e4 e6 2. d4 d5 3. e5 c5 4. c3 Qb6 5. Nf3 Nc6 6. Bd3 cxd4 7. cxd4 Bd7 8. O-O
Nxd4 9. Nbd2 Nc6 10. Nb3 Nge7 11. Be3 Qc7 12. Rc1 Ng6 13. Nc5 Be7 14. b4 Qb8
15. Re1 Bc8 16. b5 Ncxe5 17. Nxe5 Nxe5 18. Bf4 Bd6 19. Bxe5 Bxe5 20. Qh5 Bf4
21. Rc2 g6 22. Qxd5 O-O 23. Qf3 Bxh2+ 24. Kh1 Bd6 25. Be4 Bxc5 26. Rxc5 Qd6 27.
Rec1 Rb8 28. Qf6 Bd7 29. Rh5 Qd2 30. Rcc5 Qe1+ 31. Kh2 Qxe4 32. Rh4 Qd3 33. Rg5
Rbc8 34. Rh3 Qd6+ 35. f4 Rc5 36. Rh6 Rxg5 37. Qxg5 Qd4 0-1

[Event "8. Open Internacional de Málaga"]
[Site "Campillos ESP"]
[Date "2005.02.21"]
[Round "4.3"]
[White "Galego, Luis"]
[Black "Perez, Rodney"]
[Result "1/2-1/2"]
[WhiteElo "2496"]
[BlackElo "2430"]
[PlyCount "97"]
[EventDate "2005.02.19"]
[EventType "swiss"]
[EventRounds "9"]
[EventCountry "ESP"]
[Source "lmi"]
[SourceDate "2005.02.26"]

1. e4 e5 2. Nf3 Nc6 3. Bb5 Bc5 4. O-O d6 5. c3 Bd7 6. d4 Bb6 7. Bg5 f6 8. Be3
Nge7 9. a4 O-O 10. Nbd2 exd4 11. cxd4 f5 12. exf5 Bxf5 13. Re1 h6 14. Nc4 d5
15. Nxb6 axb6 16. h3 Be4 17. Nd2 Bg6 18. Rc1 Nf5 19. Nf3 Bh5 20. g4 Nxe3 21.
Rxe3 Be8 22. Bxc6 Bxc6 23. b3 b5 24. axb5 Bxb5 25. Qc2 c6 26. Rce1 Rf6 27. Kg2
Qd6 28. Re8+ Rxe8 29. Rxe8+ Rf8 30. Rxf8+ Qxf8 31. Kg3 Qf6 32. Ne5 g5 33. Kg2
Kg7 34. Qc5 Be2 35. Qa7 Qe7 36. Qb8 Bd1 37. b4 Be2 38. Qc8 Ba6 39. Qf5 Qf6 40.
Qd7+ Kg8 41. f3 Kh8 42. Nf7+ Kg8 43. Qe8+ Kg7 44. Ne5 Kh7 45. h4 gxh4 46. f4
h3+ 47. Kxh3 Qxf4 48. Kg2 Qe4+ 49. Kf2 1/2-1/2

[Event "8. Open Internacional de Málaga"]
[Site "Campillos ESP"]
[Date "2005.02.21"]
[Round "4.4"]
[White "Llanes Hurtado, Miguel"]
[Black "Komljenovic, Davor"]
[Result "1/2-1/2"]
[WhiteElo "2418"]
[BlackElo "2492"]
[PlyCount "72"]
[EventDate "2005.02.19"]
[EventType "swiss"]
[EventRounds "9"]
[EventCountry "ESP"]
[Source "lmi"]
[SourceDate "2005.02.26"]

1. d4 Nf6 2. Nf3 d5 3. c4 e6 4. g3 dxc4 5. Bg2 b5 6. a4 c6 7. O-O Bb7 8. b3
cxb3 9. Qxb3 b4 10. Ne5 a5 11. Nd2 Be7 12. Bb2 O-O 13. Rfc1 Qb6 14. Rc2 Nfd7
15. Nd3 Rc8 16. Rac1 Na6 17. Nc4 Qd8 18. Nce5 Nxe5 19. Nxe5 Nb8 20. Nxc6 Nxc6
21. Bxc6 Rxc6 22. Rxc6 Bxc6 23. Rxc6 Rc8 24. Qc4 Rxc6 25. Qxc6 Qd5 26. Qxd5
exd5 27. f3 f5 28. Kf2 Kf7 29. e3 Kg6 30. Kg2 Kh5 31. h4 g6 32. Kf2 g5 33. Bc1
gxh4 34. gxh4 Kxh4 35. e4 b3 36. exd5 Bb4 1/2-1/2

[Event "8. Open Internacional de Málaga"]
[Site "Campillos ESP"]
[Date "2005.02.21"]
[Round "4.5"]
[White "Saldano, Horacio"]
[Black "Colovic, Aleksandar"]
[Result "0-1"]
[WhiteElo "2482"]
[BlackElo "2408"]
[PlyCount "93"]
[EventDate "2005.02.19"]
[EventType "swiss"]
[EventRounds "9"]
[EventCountry "ESP"]
[Source "lmi"]
[SourceDate "2005.02.26"]

1. e4 c5 2. Nf3 d6 3. d4 cxd4 4. Nxd4 Nf6 5. Nc3 a6 6. a4 Nc6 7. Be2 g6 8. Be3
Bg7 9. O-O O-O 10. f4 Bg4 11. Nb3 Qc8 12. a5 Re8 13. Ra4 Bxe2 14. Qxe2 Qg4 15.
Qd3 Rac8 16. Nd5 Nxd5 17. exd5 Ne5 18. Qd1 Qxd1 19. Rxd1 Nc4 20. Bd4 Nxb2 21.
Bxb2 Bxb2 22. c4 Rc7 23. Rb1 Bf6 24. Nd2 Bd4+ 25. Kf1 Be3 26. Nf3 Bxf4 27. Rab4
Rc5 28. Rxb7 Rxa5 29. Re1 Kf8 30. Re4 Ra1+ 31. Ke2 Ra2+ 32. Kd3 Bh6 33. g4 Rf2
34. Nd4 Rd2+ 35. Kc3 Rxh2 36. Nc6 Bg7+ 37. Kb3 Rh3+ 38. Kc2 h6 39. Ra7 Rg3 40.
Kd1 Rg2 41. Re2 Rxe2 42. Kxe2 e6 43. Kd3 exd5 44. cxd5 Re1 45. Rxa6 Rg1 46. Ra4
Rg3+ 47. Ke2 0-1

[Event "8. Open Internacional de Málaga"]
[Site "Campillos ESP"]
[Date "2005.02.21"]
[Round "4.7"]
[White "Belezky, Sasha"]
[Black "Javakhishvili, Lela"]
[Result "1/2-1/2"]
[WhiteElo "2402"]
[BlackElo "2456"]
[PlyCount "39"]
[EventDate "2005.02.19"]
[EventType "swiss"]
[EventRounds "9"]
[EventCountry "ESP"]
[Source "lmi"]
[SourceDate "2005.02.26"]

1. e4 c5 2. c3 d5 3. exd5 Qxd5 4. d4 Nf6 5. Nf3 Bg4 6. dxc5 Qxc5 7. Be3 Qc7 8.
Na3 Nc6 9. Qa4 Bxf3 10. gxf3 e6 11. Nb5 Qb8 12. Nd4 Bd6 13. Nxc6 bxc6 14. Qxc6+
Ke7 15. Bc5 Rc8 16. Bxd6+ Qxd6 17. Qxd6+ Kxd6 18. O-O-O+ Ke7 19. Bd3 Rc5 20.
Be4 1/2-1/2

[Event "8. Open Internacional de Málaga"]
[Site "Campillos ESP"]
[Date "2005.02.21"]
[Round "4.8"]
[White "Suba, Mihai"]
[Black "Fernandez Siles, Luis"]
[Result "1-0"]
[WhiteElo "2529"]
[BlackElo "2280"]
[PlyCount "126"]
[EventDate "2005.02.19"]
[EventType "swiss"]
[EventRounds "9"]
[EventCountry "ESP"]
[Source "lmi"]
[SourceDate "2005.02.26"]

1. c4 Nf6 2. Nf3 g6 3. g3 Bg7 4. Bg2 O-O 5. O-O d6 6. Nc3 Nc6 7. d3 Nh5 8. d4
e5 9. d5 Ne7 10. e4 c5 11. dxc6 bxc6 12. Bg5 f6 13. Be3 Be6 14. Qa4 Rb8 15.
Rfd1 Rxb2 16. Bc5 Rb7 17. Rxd6 Qc8 18. Nd2 Bh3 19. Bxh3 Qxh3 20. Qd1 Bh6 21.
Nb3 Re8 22. Qd3 Bf8 23. Rd1 Rc7 24. Rd7 Nd5 25. Rxc7 Nxc7 26. Qd7 Qxd7 27. Rxd7
Bxc5 28. Nxc5 Rc8 29. Nd1 Ng7 30. Ne3 h5 31. Ng2 g5 32. Ne3 Nce6 33. Nxe6 Nxe6
34. Rxa7 Rb8 35. h3 Nc5 36. f3 Rb1+ 37. Kg2 Rb2+ 38. Kf1 Rb1+ 39. Ke2 Rb2+ 40.
Kd1 Nd3 41. Ra3 Nb4 42. Rb3 Rxb3 43. axb3 Kf7 44. Kd2 Ke6 45. Nc2 Na6 46. b4
Nc7 47. Ne3 Kd7 48. Nf5 Ne6 49. h4 c5 50. b5 Kc7 51. Ke3 Nd4 52. Ng7 gxh4 53.
gxh4 Nc2+ 54. Ke2 Nd4+ 55. Kf2 Nc2 56. Nxh5 Na3 57. Nxf6 Nxc4 58. h5 Nd6 59.
Nd5+ Kd7 60. h6 Nf7 61. h7 Kd6 62. Ke2 c4 63. Kd2 c3+ 1-0

[Event "8. Open Internacional de Málaga"]
[Site "Campillos ESP"]
[Date "2005.02.21"]
[Round "4.9"]
[White "Barria, Daniel"]
[Black "Khamrakulov, Ibragim S"]
[Result "1/2-1/2"]
[WhiteElo "2349"]
[BlackElo "2501"]
[PlyCount "34"]
[EventDate "2005.02.19"]
[EventType "swiss"]
[EventRounds "9"]
[EventCountry "ESP"]
[Source "lmi"]
[SourceDate "2005.02.26"]

1. e4 e6 2. d4 d5 3. Nc3 Bb4 4. e5 b6 5. Nf3 a5 6. Bd3 Ba6 7. O-O h6 8. Ne2 g5
9. Be3 g4 10. Ne1 Bxe1 11. Rxe1 Ne7 12. Nf4 h5 13. Rc1 Nbc6 14. a3 Qd7 15. Bxa6
Rxa6 16. Qd3 Nb8 17. b3 a4 1/2-1/2

[Event "8. Open Internacional de Málaga"]
[Site "Campillos ESP"]
[Date "2005.02.21"]
[Round "4.10"]
[White "Frois, Antonio"]
[Black "Cramling, Pia"]
[Result "1/2-1/2"]
[WhiteElo "2320"]
[BlackElo "2481"]
[PlyCount "56"]
[EventDate "2005.02.19"]
[EventType "swiss"]
[EventRounds "9"]
[EventCountry "ESP"]
[Source "lmi"]
[SourceDate "2005.02.26"]

1. e4 c5 2. Nf3 e6 3. d3 Nc6 4. g3 g6 5. Bg2 Bg7 6. O-O Nge7 7. c3 e5 8. a3 d6
9. b4 O-O 10. Nbd2 h6 11. Rb1 b6 12. Re1 Be6 13. Nc4 Qd7 14. b5 Nd8 15. Ne3 Rc8
16. c4 f5 17. exf5 gxf5 18. Nh4 f4 19. gxf4 Rxf4 20. Nf3 Bh3 21. Nd2 Nf7 22.
Ne4 Rf8 23. Qh5 Be6 24. Bd2 Ng5 25. Nxg5 hxg5 26. Be4 R8f6 27. Ng2 Bg4 28. Qxg5
Rf8 1/2-1/2

[Event "8. Open Internacional de Málaga"]
[Site "Campillos ESP"]
[Date "2005.02.21"]
[Round "4.11"]
[White "Yeo, Michael J"]
[Black "Slaby, Jerzy"]
[Result "1-0"]
[WhiteElo "2222"]
[BlackElo "2401"]
[PlyCount "85"]
[EventDate "2005.02.19"]
[EventType "swiss"]
[EventRounds "9"]
[EventCountry "ESP"]
[Source "lmi"]
[SourceDate "2005.02.26"]

1. e4 c5 2. Nf3 d6 3. d4 cxd4 4. Nxd4 Nf6 5. Nc3 a6 6. Bg5 e6 7. f4 h6 8. Bh4
Be7 9. Qf3 Nbd7 10. O-O-O Qc7 11. Be2 Rg8 12. Rhf1 g5 13. fxg5 hxg5 14. Bg3 Ne5
15. Qe3 Bd7 16. Nf3 Nfg4 17. Qd2 O-O-O 18. Nxe5 Nxe5 19. Bxe5 dxe5 20. Rxf7 Be8
21. Qxd8+ Qxd8 22. Rxd8+ Kxd8 23. Rf1 g4 24. Nd1 Bc6 25. Nf2 g3 26. hxg3 Rxg3
27. Bf3 Rg7 28. Rh1 Kc7 29. Nd3 Bg5+ 30. Kb1 Bf4 31. Rh5 Be8 32. Rh4 Rf7 33. b3
b5 34. Nc5 Kd6 35. Nxa6 Bd2 36. Rh8 Bd7 37. Rh1 Bc3 38. Rd1+ Kc6 39. Nb8+ Kc7
40. Rxd7+ Rxd7 41. Nxd7 Kxd7 42. a3 Kd6 43. b4 1-0

[Event "8. Open Internacional de Málaga"]
[Site "Campillos ESP"]
[Date "2005.02.21"]
[Round "4.12"]
[White "Alonso, Rene"]
[Black "Naranjo Moreno, Antonio"]
[Result "1-0"]
[WhiteElo "2395"]
[BlackElo "2169"]
[PlyCount "47"]
[EventDate "2005.02.19"]
[EventType "swiss"]
[EventRounds "9"]
[EventCountry "ESP"]
[Source "lmi"]
[SourceDate "2005.02.26"]

1. c4 Nf6 2. Nc3 g6 3. g3 Bg7 4. Bg2 O-O 5. Nf3 d6 6. Rf1 Nc6 7. d4 a6 8. h3
Bd7 9. Be3 Rb8 10. Rc1 Nh5 11. Qd2 Bh8 12. d5 Ne5 13. Nxe5 dxe5 14. Bh6 Re8 15.
e4 Bg7 16. Bxg7 Nxg7 17. f4 exf4 18. Qxf4 f6 19. e5 fxe5 20. Qxe5 Bc8 21. Ne4
Bf5 22. Ng5 Qd6 23. Qe3 h5 24. g4 1-0

[Event "8. Open Internacional de Málaga"]
[Site "Campillos ESP"]
[Date "2005.02.21"]
[Round "4.13"]
[White "Nava Baro, Enrique"]
[Black "Tissir, Mohamed"]
[Result "0-1"]
[WhiteElo "2218"]
[BlackElo "2394"]
[PlyCount "82"]
[EventDate "2005.02.19"]
[EventType "swiss"]
[EventRounds "9"]
[EventCountry "ESP"]
[Source "lmi"]
[SourceDate "2005.02.26"]

1. d4 e6 2. e4 c5 3. d5 exd5 4. exd5 d6 5. Nf3 Be7 6. c4 Nf6 7. Nc3 O-O 8. Bd3
Bg4 9. h3 Bh5 10. O-O Nbd7 11. g4 Bg6 12. Bxg6 hxg6 13. Bf4 a6 14. a4 Re8 15.
Re1 Nf8 16. Qd2 Qd7 17. Kg2 N8h7 18. a5 Bf8 19. g5 Nh5 20. Be3 Re5 21. Na4 Rae8
22. b4 cxb4 23. c5 Re4 24. Nb6 Qc7 25. Red1 dxc5 26. d6 Qc6 27. Rac1 c4 28.
Qxb4 Rxe3 29. fxe3 Rxe3 30. Rd5 Nf4+ 31. Kf2 Nxd5 32. Nxd5 Rxf3+ 33. Kxf3 Qxd5+
34. Kf2 Qd4+ 35. Ke2 Qd3+ 36. Kf2 Bxd6 37. Qxc4 Qd2+ 38. Kf1 Nxg5 39. Rc3 Ne4
40. Rf3 Qd1+ 41. Kg2 Qxf3+ 0-1